000 01287cam a22003737a 4500
003 CHAP
005 20220329141455.0
008 971013s1988 r 00010 d
010 _a68741
011 _a69713
035 _a79190
040 _cCHAP
082 _a595.7
_bM67
100 0 0 _aMorón Ríos, Miguel Angel.
_978876
245 0 _aEntomología práctica
_b: una guía para el estudio de los insectos con importancia agropecuaria, médica, forestal y ecológica de México
260 _aMéxico :
_bInstituto de Ecología,
_c1988
300 _a504 p.
_b: ilus.
500 _a31-135
500 _aGlosario pp. 463-471
590 _aBATCH-UPD
_b10
_c20130109
_lUCH01
_h2341
590 _aBATCH-UPD
_b10
_c20130110
_lUCH01
_h1142
590 _aBATCH-UPD
_b10
_c20130409
_lUCH01
_h1911
590 _aBATCH-UPD
_b10
_c20130410
_lUCH01
_h0728
590 _aBATCH-UPD
_b10
_c20130914
_lUCH01
_h0026
590 _aCONVERSION
_b10
_c20130109
_lUCH01
_h1338
650 1 4 _aAgricultura
_xPlagas.
_91764
650 1 4 _aEntomología económica.
_937145
650 1 4 _aEntomología médica.
_937152
650 1 4 _aEntomología.
_937113
700 0 _aTerrón, Roberto A.
_9112443
901 _aBK
942 _cLIBRO
949 _a595.7 M67
_bBC
_cC
_d33724002115587
_eC
_gI.145754
_h75586
_i79190
_sb
_t95.00
999 _c68741
_d68741